000 00617nam a2200217Ii 4500
003 JO-AjNU
008 230606s9999||||xx |||||||||||||| ||und||
020 _a81-7141-349-8
040 _aJO-AjNU
_beng
_erda
_cJO-AjNU
041 _aeng
050 1 4 _aLB1051 2006
100 3 _aBharathi, V. V. ,
_eauthor
_9146
245 0 0 _aLearning Without Tears:Children and Homework
250 _a1 ed
264 3 1 _aNew York:Discovery Publishing House
300 _a52P
336 _atext
_btxt
_2rdacontent
337 _aunmediated
_bn
_2rdamedia
338 _avolume
_bnc
_2rdacarrier
650 4 _aHomework-Stress in children
_9147
999 _aE77
_c77
_d77